| 000 | 00774nam a22002297a 4500 | ||
|---|---|---|---|
| 999 |
_c19743 _d19743 |
||
| 003 | AR-CdUCM | ||
| 008 | 190521b ||||| |||| 00| 0 spa d | ||
| 020 | _a84-339-0026-9 | ||
| 040 |
_aMUNICIPALIDAD PROVINCIAL DEL CUSCO _cBIBLIOTECA MUNICIPAL DEL CUSCO |
||
| 082 |
_a190 / _bB119 |
||
| 100 |
_aBachelard, Gaston _941291 |
||
| 245 | _aEpistemología / | ||
| 260 |
_aBarcelona : _bAnagrama, _c1971. |
||
| 300 |
_a254 páginas ; _c20 cm. |
||
| 505 | _aContenido: La novedad de las ciencias contemporáneas -- La pereza de la filosofía -- Las preguntas del epistemólogo... | ||
| 650 |
_aFilosofia _9395 |
||
| 650 |
_aCiencia _92098 |
||
| 650 |
_aContemporáneo _9512 |
||
| 700 |
_aPosa, Elana (traducción) _941292 |
||
| 942 |
_2ddc _cLIBROS |
||
| 945 |
_adavv _d2019-05-21 |
||